Valtioiden pääkaupunkeja vaikea - Statistics

Yleistilastot
  • Tätä visaa on pelattu 55 kertaa
  • Keskiarvotulos 8 / 12
Vastaustilastot
Hint Vastaus % Oikein
Brunei Bandar Seri Begawan
76%
Itä-Timor Dili
76%
Trinidad ja Tobago Port of Spain
74%
Malawi Lilongwe
69%
Tonga Nukuʻalofa
67%
Papua-Uusi-Guinea Port Moresby
67%
Bhutan Thimphu
67%
Grenada St. George’s
62%
Vanuatu Port Vila
52%
Kiribati South Tarawa
52%
Tuvalu Funafuti
50%
Antigua ja Barbuda St. John’s
45%
Ehtoja vastaavia visoja ei löytynyt
Tulosjakauma
Jokaisen tuloksen saaneiden osuus
Persentiili vastausten määrän mukaan
Tuloshistoriasi
Et ole pelannut tätä visaa